LEADER 00965cam0-2200337---450- 001 990005479820403321 005 20101102151554.0 035 $a000547982 035 $aFED01000547982 035 $a(Aleph)000547982FED01 035 $a000547982 100 $a19990604e19681681km-y0itay50------ba 101 0 $afre 102 $aGB 105 $ay-------000yy 200 1 $aDissertation sur les ouvrages des plus fameux peintres$fRoger de Piles 210 $aFarnborough$cGregg INternational$d1968 215 $a140, 38, p.$d17 cm 300 $aRipr. facs. dell'ed. Parigi 1681 610 0 $aPittura 610 0 $aRubens, Peter Paul 676 $a759 676 $a759.49 700 1$aPiles,$bRoger De$0211998 801 0$aIT$bUNINA$gRICA$2UNIMARC 901 $aBK 912 $a990005479820403321 952 $a759 PIL 1$bST. ARTE 10632$fFLFBC 959 $aFLFBC 996 $aDissertation sur les ouvrages des plus fameux peintres$9587355 997 $aUNINA LEADER 00845oam 2200169z- 450 001 9910693581303321 035 $a(CKB)4920000000239314 035 $a(EXLCZ)994920000000239314 100 $a20230503c1996uuuu -u- - 101 0 $aeng 200 00$aGun control : implementation of the Brady Handgun Violence Prevention Act : report to the Committee on the Judiciary, U.S. Senate, and the Committee on the Judiciary, House of Representatives 210 $aWashington, D.C. (P.O. Box 37050, Washington 20013)$cUnited States General Accounting Office 517 $aGun Control 906 $aBOOK 912 $a9910693581303321 996 $aGun control : implementation of the Brady Handgun Violence Prevention Act : report to the Committee on the Judiciary, U.S. Senate, and the Committee on the Judiciary, House of Representatives$93113853 997 $aUNINA